Iconic Album Covers: Classic Rock - Statistics

General Stats
  • This quiz has been taken 113 times
  • The average score is 13 of 30
Answer Stats
Picture Answer % Correct
Abbey Road
92%
Dark Side of the Moon
79%
Hotel California
78%
Born in the U.S.A.
72%
Appetite for Destruction
66%
Led Zeppelin IV
66%
Rumours
66%
Highway to Hell
65%
Boston
51%
Brothers in Arms
48%
Sticky Fingers
48%
Bat Out of Hell
43%
Aladdin Sane
41%
Toys in the Attic
40%
Who's Next
39%
1984
38%
Lynyrd Skynyrd
34%
In the Court of the Crimson King
33%
Hysteria
32%
Machine Head
32%
Queen II
28%
Eliminator
27%
I Love Rock 'n Roll
27%
Strange Days
27%
Disraeli Gears
23%
Fragile
22%
Axis: Bold as Love
18%
Abraxas
13%
Candy-O
10%
The Village Green Preservation Society
5%
No matching quizzes found
Score Distribution
Percent of People with Each Score
Percentile by Number Answered
Your Score History
You have not taken this quiz